Statistics for Countries of the German Empire

Click here to take the quiz!

General Stats

  • This quiz has been taken 14,685 times
  • The average score is 15 of 30

Answer Stats

% OccupiedCountry% Correct
50 ?Poland
96%
2France
92%
9Denmark
88%
100Germany
85%
6Belgium
84%
0.09Russia
81%
< 1Czech Republic
80%
6Lithuania
59%
100Namibia
58%
99.7Tanzania
51%
13Rep. of the Congo
50%
100Cameroon
47%
< 1China
45%
< 1United States
43%
100Togo
42%
4Nigeria
41%
8 ?Ghana
37%
100Rwanda
35%
53Papua New Guinea
34%
14Gabon
34%
10Chad
34%
100Burundi
33%
20 ?Central African Republic
33%
< 1Guinea
26%
100Palau
25%
100F. S. Micronesia
25%
100Samoa
25%
15 ?Solomon Islands
24%
100Marshall Islands
24%
100Nauru
23%

Score Distribution

Percentile by Number Answered

Percent of People with Each Score

Your Score History

You have not taken this quiz